US Cities by Region: West Quiz Stats

Quiz Updated Apr 9, 2016

Challenge
Share
Tweet
Embed
Score 0/24 Timer 08:00
5 Plays Today
Rank City % Correct
2Los Angeles, California
99.1%
13San Francisco, California
95.9%
23Seattle, Washington
95.8%
8San Diego, California
94.7%
6Phoenix, Arizona
92.2%
29Portland, Oregon
91.6%
30Las Vegas, Nevada
89.8%
26Denver, Colorado
83.5%
35Sacramento, California
81.9%
10San Jose, California
79%
47Oakland, California
72.8%
32Albuquerque, New Mexico
65.3%
Rank City % Correct
33Tucson, Arizona
62.6%
34Fresno, California
56.5%
54Anaheim, California
54.9%
41Colorado Springs, Colorado
51.9%
36Long Beach, California
47.3%
51Bakersfield, California
45.4%
38Mesa, Arizona
42.3%
61Riverside, California
37.6%
53Honolulu, Hawaii
33.9%
56Aurora, Colorado
29.6%
64Anchorage, Alaska
28.9%
57Santa Ana, California
27.8%

You're not logged in!

Compare scores with friends on all Sporcle quizzes.
Join for Free
OR
Log In

You Might Also Like...

Show Comments

Extras

Top Quizzes Today


Score Distribution

Your Account Isn't Verified!

In order to create a playlist on Sporcle, you need to verify the email address you used during registration. Go to your Sporcle Settings to finish the process.

Report this User

Report this user for behavior that violates our Community Guidelines.

Details: